Welcome to UE Central Library

Keep Smiling

Muraf-e-Hadith(معارفِ حدیث) (Record no. 17711)

MARC details
000 -LEADER
fixed length control field 00583nam a2200169Ia 4500
001 - CONTROL NUMBER
control field 8742
005 - DATE AND TIME OF LATEST TRANSACTION
control field 20200722105650.0
008 - FIXED-LENGTH DATA ELEMENTS--GENERAL INFORMATION
fixed length control field 180702s9999 xx 000 0 und d
040 ## - CATALOGING SOURCE
Transcribing agency PK-IsLIS
082 ## - DEWEY DECIMAL CLASSIFICATION NUMBER
Classification number 297.124
Item number Sh136
100 ## - MAIN ENTRY--PERSONAL NAME
Personal name Shah, Mohammad Jaffar (شاہ، محمد جعفر)
245 ## - TITLE STATEMENT
Title Muraf-e-Hadith(معارفِ حدیث)
Statement of responsibility, etc / Mohammad Jaffar Shah(محمد جعفر شاہ)
260 ## - PUBLICATION, DISTRIBUTION, ETC. (IMPRINT)
Name of publisher, distributor, etc Idara Sakafat-e-Islamia(ادارہ ثقافت اسلامیہ),
Place of publication, distribution, etc Lahore(لاہور) :
Date of publication, distribution, etc 1970
300 ## - PHYSICAL DESCRIPTION
Extent 388 p.
650 ## - SUBJECT ADDED ENTRY--TOPICAL TERM
Topical term or geographic name as entry element Islam-Hadith(اسلام- حدیث)
942 ## - ADDED ENTRY ELEMENTS (KOHA)
Koha item type Books
Holdings
Withdrawn status Damaged status Not for loan Home library Current library Date acquired Source of acquisition Full call number Barcode Date last seen Price effective from Koha item type
      UE-Central Library UE-Central Library 11.01.2019 U.E. 297.124 Sh136 T7842 11.01.2019 11.01.2019 Books
Copyright © 2023, University of Education, Lahore. All Rights Reserved.
Email:centrallibrary@ue.edu.pk